| 000 | 00756cam a2200241u 4500 | ||
|---|---|---|---|
| 001 | 9353613 | ||
| 003 | ARRUPE | ||
| 005 | 20131211161403.0 | ||
| 008 | 830518s1958 enka 000 0 eng | ||
| 010 | _a 59000260 | ||
| 040 |
_aDLC _cCarP _dDLC |
||
| 043 | _afb----- | ||
| 050 | 0 | 0 |
_aSPC DT352 _b.B713 |
| 100 | 1 |
_aBrom, John L. [from old catalog] _95507 |
|
| 240 | 0 | 0 | _aKon-Tiki africain. English. [from old catalog] |
| 245 | 1 | 0 | _aTwenty thousand miles in the African jungle. |
| 260 |
_aLondon, _bGollancz, _c1958. |
||
| 300 |
_a224 p. _billus. _c23 cm. |
||
| 650 | 0 |
_aPhotography of animals. _95508 |
|
| 651 | 0 |
_aAfrica, Sub-Saharan _xDescription and travel. _95509 |
|
| 906 |
_a0 _bcbc _cpremunv _du _encip _f19 _gy-gencatlg |
||
| 942 |
_2lcc _cREFERENCE |
||
| 999 |
_c119204 _d119204 |
||